Plaidoyers de MMes. D'Herbelot et Leven devant la Cour d'Appel de París des affairess correctionelles (Record no. 155260)
[ view plain ]
| 000 -LEADER | |
|---|---|
| campo de control de longitud fija | 00912nam a22001815i 4500 |
| 001 - NÚMERO DE CONTROL | |
| campo de control | 155260 |
| 003 - IDENTIFICADOR DE NÚMERO DE CONTROL | |
| campo de control | ES-MaACL |
| 005 - FECHA Y HORA DE LA ÚLTIMA TRANSACCIÓN | |
| campo de control | 20250913172550.0 |
| 008 - DATOS DE LONGITUD FIJA--INFORMACIÓN GENERAL | |
| campo de control de longitud fija | 001018s1884 be |||| | fre d |
| 040 ## - FUENTE DE CATALOGACIÓN | |
| Centro catalogador/agencia de origen | EXT |
| Lengua de catalogación | spa |
| Centro/agencia transcriptor | EXT |
| 245 00 - MENCIÓN DEL TÍTULO | |
| Título | Plaidoyers de MMes. D'Herbelot et Leven devant la Cour d'Appel de París des affairess correctionelles |
| Resto del título | : le consuel D'Espagne a Paris, Rodriguez-Rubi contre les auteurs d'une publication sur le mariage de fils du Maréchal Serrano. |
| 260 ## - PUBLICACIÓN, DISTRIBUCIÓN, ETC. | |
| Lugar de publicación, distribución, etc. | Bruxelles : |
| Nombre del editor, distribuidor, etc. | [s. n.], |
| Fecha de publicación, distribución, etc. | 1884 ( |
| Fabricante | imprimerie & litographie Ad. Mertens) |
| 300 ## - DESCRIPCIÓN FÍSICA | |
| Extensión | 71 p. ; |
| Dimensiones | 21 cm. |
| 600 17 - PUNTO DE ACCESO ADICIONAL DE MATERIA--NOMBRE DE PERSONA | |
| Nombre de persona | Serrano y Domínguez, Francisco, |
| Fechas asociadas al nombre | 1810-1885 |
| Fuente del encabezamiento o término | |
| 9 (RLIN) | 153059 |
| 600 14 - PUNTO DE ACCESO ADICIONAL DE MATERIA--NOMBRE DE PERSONA | |
| Nombre de persona | Martínez de Campos, Mercedes. |
| 9 (RLIN) | 153060 |
| 852 ## - LOCALIZACIÓN | |
| Ubicación | ES-MaACL |
| Número de control de estantería | T-362-F-6 |
| Nota libre | -- Enc. hol. |
| condición física | -- Falto de la cub. original |
| Nota libre | -- Enc. en un vol. facticio |
| Encuadernación | -- Edic.: precede al tít.: La défaite du Consul d'Espagne |
| Estatus retirado | Estado de pérdida | Estado de daño | No para préstamo | Colección | Biblioteca de origen | Biblioteca actual | Ubicación en estantería | Fecha de adquisición | Total de préstamos | Signatura topográfica completa | Código de barras | Visto por última vez | Precio de reemplazo | Tipo de ítem Koha |
|---|---|---|---|---|---|---|---|---|---|---|---|---|---|---|
| Colección de folletos | Biblioteca del Ateneo de Madrid | Biblioteca del Ateneo de Madrid | Depósito folletos | 17/01/2008 | T-362-F-6 | 1162409 | 23/02/2023 | 23/02/2023 | Folleto |
